Komunikatívna gramatika angličtiny kontrastívny prístup

Gespeichert in:
Bibliographische Detailangaben
1. Verfasser: Šajgalíková, Helena
Weitere Verfasser: Breveníková, Daniela, Šikolová, Mária, Šimková, Svatava
Format: Buch
Sprache:Slowakisch
Englisch
Veröffentlicht: Bratislava AKTUELL 2014
Ausgabe:1. vyd.
Schlagworte:
Tags: Tag hinzufügen
Keine Tags, Fügen Sie das erste Tag hinzu!

MARC

LEADER 00000nam a2200000 4500
001 0189936
005 20240502073210.6
020 |a 978-80-89153-96-1 
041 0 |a slo 
041 0 |a eng 
044 |a SK 
245 1 0 |a Komunikatívna gramatika angličtiny  |b kontrastívny prístup  |c Helena Šajgalíková, Daniela Breveníková ; odborne posúdili Mária Šikolová, Svatava Šimková 
250 |a 1. vyd. 
264 1 |a Bratislava  |b AKTUELL  |c 2014 
300 |a 296 s. [11,86 AH] 
610 2 0 |a jazyky cudzie 
610 2 0 |a jazykoveda 
610 2 0 |a komunikácia 
610 2 0 |a gramatika 
100 1 |a Šajgalíková, Helena 
700 1 |a Breveníková, Daniela 
700 1 |a Šikolová, Mária 
700 1 |a Šimková, Svatava